000 00502nam a2200157Ia 4500
003 Ost
005 20260507075658.0
008 260507s9999||||xx |||||||||||||| ||und||
040 _cfsecg
041 _aara
100 _aشيحا، ابراهيم عبد العزيز
_eمؤلف
245 0 _aالادارة العامة /
_c ابراهيم عبد العزيز شيحا
260 _aالاسكندرية:
_bالدار الجامعية,
_c2001
300 _a463 صفحة؛
_c24 سم
942 _cكتاب
999 _c45758
_d45758